| 000 | 00650cam a2200205 a 4500 | ||
|---|---|---|---|
| 020 | _a0226319830 : | ||
| 020 | _a0226319849 (pbk.) : | ||
| 082 | 0 |
_a304.2 _bHAW _cN01,P-156 |
|
| 100 | 1 |
_aHawley, Amos Henry. _937519 |
|
| 245 | 1 | 0 |
_aHuman ecology : _ba theory of community structure _cAmos H. Hawley. |
| 260 |
_aIslamabd : _bNational Book Foundation, _cc1986. |
||
| 300 |
_axvi, 456 p. : _bill. ; _c22 cm. |
||
| 490 | 1 | _aA Chicago original paperback | |
| 500 | _aIncludes index. | ||
| 526 |
_a0 _b0 _c0 _d304_200000000000000_HAW |
||
| 526 |
_a0 _b0 _c0 _d304_200000000000000_HAW |
||
| 650 | 0 | _aHuman ecology. | |
| 650 | 0 |
_aNUST _96342 |
|
| 942 |
_2ddc _cBK |
||
| 999 |
_c542382 _d542382 |
||